Impacto de las reformas económicas en la Región

Shranjeno v:
Bibliografske podrobnosti
Format: Texto
Teme:
Oznake: Označite
Brez oznak, prvi označite!

MARC

LEADER 00000 a a2200000 04500
001 10226
003
040
245 |a Impacto de las reformas económicas en la Región  
650 |a REFORMA ECONOMICA  
650 |a CONSECUENCIAS ECONOMICAS  
650 |a REFORMA ECONOMICA  
773 |g número 11; páginas 1, 3  
999 |c 38332  |d 38332